[Event "SVK-chT2D 0607"]
[Site "Slovakia"]
[Date "2007.02.03"]
[Round "8.5"]
[White "Satnik, Jozef"]
[Black "Kapisovsky, Jozef"]
[Result "1/2-1/2"]
[WhiteElo "1846"]
[BlackElo "1825"]
[PlyCount "119"]
[EventDate "2006.10.14"]
[EventType "team-tourn"]
[EventRounds "11"]
[EventCountry "SVK"]
[SourceTitle "EXT 2008"]
[Source "ChessBase"]
[SourceDate "2007.11.25"]
[SourceVersion "1"]
[SourceVersionDate "2007.11.25"]
[SourceQuality "1"]
[WhiteTeam "Humenne Reinter"]
[BlackTeam "Presov PSK"]
[WhiteTeamCountry "SVK"]
[BlackTeamCountry "SVK"]

1. d4 Nf6 2. c4 g6 3. Nc3 d5 4. Bg5 Ne4 5. Bf4 Nxc3 6. bxc3 Bg7 7. Qa4+ Bd7 8. Qa5 c6 9. Qxd8+ Kxd8 10. c5 e5 11. Be3 Bf5 12. g3 Nd7 13. Bh3 exd4 14. cxd4 Bxh3 15. Nxh3 Re8 16. Rb1 b5 17. Ng5 Ke7 18. h4 h6 19. Nf3 h5 20. Bg5+ Kf8 21. e3 a5 22. a3 b4 23. axb4 axb4 24. 0-0 Reb8 25. Bf4 Rb5 26. Bd6+ Kg8 27. Nd2 Ra3 28. Ra1 Nxc5 29. Rxa3 bxa3 30. Bxc5 a2 31. Ba3 Bf8 32. Bxf8 Kxf8 33. Ra1 Rb2 34. Nf1 Ke7 35. Kg2 Ke6 36. Nh2 Kd6 37. Nf3 f6 38. Ne1 Rb1 39. Nc2 Rxa1 40. Nxa1 c5 41. Kf1 cxd4 42. exd4 Ke6 43. Ke2 Kf5 44. Kf3 g5 45. Nc2 Ke6 46. Ke3 Kf5 47. f3 Ke6 48. g4 gxh4 49. gxh5 Kf5 50. h6 Kg6 51. h7 Kxh7 52. Kf4 Kh6 53. Kg4 Kg6 54. Kxh4 Kf5 55. Kg3 Kg5 56. f4+ Kh5 57. Kh3 f5 58. Na1 Kg6 59. Kg3 Kh5 60. Kh3 1/2-1/2